000 00332nam a2200157Ia 4500
001 9707
003 IN-NITTTR
005 20251114233050.0
008 251113s9999||||xx |||||||||||||| ||eng||
040 _beng
040 _cIN-NITTTR
041 _aeng
082 _a669.02 H854M
245 0 _aMetals properties. /
942 _2ddc
_cBK
999 _c12344
_d12344